书目信息 |
| 题名: |
智慧孩子是怎么炼成的
|
|
| 作者: | 黄全愈 著 | |
| 分册: | ||
| 出版信息: | 武汉 长江文艺出版社 2017 |
|
| 页数: | 19,333页 | |
| 开本: | 23cm | |
| 丛书名: | 大教育书系 | |
| 单 册: | ||
| 中图分类: | G763 | |
| 科图分类: | ||
| 主题词: | 超常儿童--儿童教育--研究--美国 | |
| 电子资源: | ||
| ISBN: | 978-7-5354-9633-1 | |
| 000 | 01083oam2 2200253 450 | |
| 001 | 3970 | |
| 005 | 20180527205829.73 | |
| 010 | @a978-7-5354-9633-1@dCNY36.00 | |
| 100 | @a20170802d2017 em y0chiy50 ea | |
| 101 | 0 | @achi |
| 102 | @aCN@b420000 | |
| 105 | @ay z 000yy | |
| 200 | 1 | @a智慧孩子是怎么炼成的@9zhi hui hai zi shi zen me lian cheng de@f(美)黄全愈著 |
| 210 | @a武汉@c长江文艺出版社@d2017 | |
| 215 | @a19,333页@d23cm | |
| 225 | 1 | @a大教育书系@i素质教育在美国@v4 |
| 330 | @a本书的特点是侧重介绍和分析美国天赋教育的方法和内容,还附有多个天赋教育的教案,从而使得本书的可操作性和借鉴性很强。作者强调,天赋教育不是培养神童,不是通过各种补习班和才艺班将孩子制造成天才。所有的孩子都有不同于他人的价值,应该通过家长、老师的循循善诱,让孩子学会自己学习、自我教育,将孩子的潜能发挥到极致,培养“大智慧”的孩子是基础教育的方向。 | |
| 461 | 0 | @12001 @a大教育书系 |
| 462 | 0 | @12001 @a素质教育在美国 |
| 606 | 0 | @a超常儿童@x儿童教育@x研究@y美国 |
| 690 | @aG763@v5 | |
| 701 | 0 | @c(美)@a黄全愈@9huang quan yu@4著 |
| 801 | 0 | @aCN@b91MARC@c20170802 |
| 905 | @aMuseLib@dG763@e112 | |
| 智慧孩子是怎么炼成的/(美)黄全愈著.-武汉:长江文艺出版社,2017 |
| 19,333页;23cm.-(大教育书系.素质教育在美国;4) |
| ISBN 978-7-5354-9633-1:CNY36.00 |
| 本书的特点是侧重介绍和分析美国天赋教育的方法和内容,还附有多个天赋教育的教案,从而使得本书的可操作性和借鉴性很强。作者强调,天赋教育不是培养神童,不是通过各种补习班和才艺班将孩子制造成天才。所有的孩子都有不同于他人的价值,应该通过家长、老师的循循善诱,让孩子学会自己学习、自我教育,将孩子的潜能发挥到极致,培养“大智慧”的孩子是基础教育的方向。 |
| ● |
| 相关链接 |
|
|
|
|
正题名:智慧孩子是怎么炼成的
索取号:G763/112
 
预约/预借
| 序号 | 登录号 | 条形码 | 馆藏地/架位号 | 状态 | 备注 |
| 1 | 1111370 | 211113702 | 第一样本阅览室/ [索取号:G763/112] | 在馆 | |
| 2 | 1111371 | 211113711 | 教育系资料室/ [索取号:G763/112] | 在馆 | |
| 3 | 1111372 | 211113720 | 教育系资料室/ [索取号:G763/112] | 在馆 | |
| 4 | 1111373 | 211113739 | 第四借阅区/ [索取号:G763/112] | 在馆 |